000 00896nam a22002417a 4500
999 _c52864
_d52864
005 20191212121227.0
010 _aENG-102598 B-452201-240 B-731136
020 _a8121405602
_c250.00
035 _aEN-86131 B-452201-240, B-230963
035 _aB-731136
037 _bDBAD / PUB
037 _bVirtuous Pub/Ven
082 _a881
100 _aJaishankar Prasad
245 _aKamayani /
_cby Jaishankar Prasad ; translated by Parmanand Sharma
260 _aNew Delhi
_bNational Pub. House
_c(201?)
270 _a2/35 Ansari Road, Darya Ganj
_bNew Delhi
_e110002
300 _axiv, 164 p. :
_c22cm (Hb)
_bill.
700 _928520
_aSharma, Parmanand
942 _2ddc
_cEN
_mJAY
_h881